Využitie štrukturálnych fondov Európskej únie na rozvoj cestovného ruchu v regiónoch Slovenska dizertačná práca

Gespeichert in:
Bibliographische Detailangaben
1. Verfasser: Jánošková, Kristína, 1995-
Körperschaft: Obchodná fakulta EU. Katedra cestovného ruchu
Weitere Verfasser: Michálková, Anna, 1968-
Format: Buch
Sprache:Slowakisch
Veröffentlicht: Bratislava 2025
Schlagworte:
Tags: Tag hinzufügen
Keine Tags, Fügen Sie das erste Tag hinzu!

MARC

LEADER 00000nbm a2200000 4500
001 0311451
005 20250729085705.6
041 0 |a slo 
044 |a SK 
245 1 0 |a Využitie štrukturálnych fondov Európskej únie na rozvoj cestovného ruchu v regiónoch Slovenska  |b dizertačná práca  |c Kristína Jánošková ; školiteľ: Anna Michálková 
264 1 |a Bratislava  |c 2025 
300 |a 176 s. 
610 2 0 |a ruch cestovný 
610 2 0 |a fondy štruktúrne 
610 2 0 |a fondy investičné 
610 2 0 |a rozvoj regionálny 
610 2 0 |a Slovensko 
610 2 0 |a Európska únia 
100 1 |a Jánošková, Kristína, 1995- 
700 1 |a Michálková, Anna, 1968- 
710 2 |a Obchodná fakulta EU. Katedra cestovného ruchu